| 000 | 01099cam a2200349 i 4500 | ||
|---|---|---|---|
| 999 |
_c200448449 _d66661 |
||
| 001 | 200448449 | ||
| 003 | TR-AnTOB | ||
| 005 | 20240824073711.0 | ||
| 007 | ta | ||
| 008 | 740909s1973 fr 000 0 eng | ||
| 010 | _a 74177940 | ||
| 015 | _aF*** | ||
| 020 | _a9264111018 | ||
| 035 | _a(TR-AnTOB)200448449 | ||
| 040 |
_aDLC _beng _erda _cDLC _dDLC _dTR-AnTOB |
||
| 041 | 0 | _aeng | |
| 050 | 0 | 4 |
_aK4444.A13 _bO74 1973 |
| 090 |
_aK4444.A13 _bO74 1973 |
||
| 110 | 2 |
_aOrganisation for Economic Co-operation and Development _933753 |
|
| 245 | 1 | 0 | _aCode of liberalisation of capital movements. |
| 264 | 1 |
_a[Paris] : _bOECD, _c1973. |
|
| 300 |
_a119 pages ; _c25 cm |
||
| 336 |
_atext _btxt _2rdacontent |
||
| 337 |
_aunmediated _bn _2rdamedia |
||
| 338 |
_avolume _bnc _2rdacarrier |
||
| 500 | _aPublished also in French under title: Code de la libération des mouvements de capitaux. | ||
| 650 | 0 |
_aCapital movements _xLaw and legislation _9136335 |
|
| 740 | _aCode de la libération des mouvements de capitaux. | ||
| 942 |
_2lcc _cBK |
||